Ulises

Na minha lista:
Detalhes bibliográficos
Autor principal: Joyce, James Augustine (Author)
Formato: Livro
Idioma:espanhol
Publicado em: Barcelona Planeta 2001
Edição:3a. ed
Colecção:Clásicos Universales Planeta
Assuntos:
Tags: Adicionar Tag
Sem tags, seja o primeiro a adicionar uma tag!

MARC

LEADER 00000nam a2200000 a 4500
001 UCL6908
003 CL-VaPUC
008 040423e20010000SP |||||||||||||||||spa|d
020 |a 8408016725 
082 0 4 |a 823  |b JOY  |2 21 
100 |a Joyce, James Augustine  |e author  |9 498658 
245 1 0 |a Ulises 
250 |a 3a. ed 
300 |a 934 p 
942 |c BK 
945 |d 20040423 00:00:00  |a cmena 
260 |a Barcelona  |b Planeta  |c 2001 
650 0 |a Literatura irlandesa  |9 349943 
650 0 |a Novelas irlandesas  |9 266298 
583 |a last modification  |c 20040423 00:00:00  |k Rodrigo Vera 
490 0 |a Clásicos Universales Planeta 
999 |c 308791  |d 308789 
952 |0 0  |1 2  |4 0  |6 823_000000000000000_JOY_2001  |7 0  |8 A  |9 375615  |a BIBGIM  |b BIBGIM  |d 2019-11-21  |i 4001028  |o 823 JOY 2001  |p 4001028  |r 2019-11-21  |w 2019-11-21  |y BK  |k GIM 
952 |0 0  |1 0  |4 0  |6 823_000000000000000_JOY_2001  |7 0  |8 P  |9 375616  |a BIBARQ  |b BIBARQ  |d 2019-11-21  |i 4012402  |o 823 JOY 2001  |p 4012402  |r 2025-01-20  |w 2019-11-21  |y BK  |k ARQ